Les 20 villes les plus peuplées du Morbihan (56) - Statistiques

Statistiques générales
  • Ce quiz a été pris 86 fois
  • Le résultat moyen est 10 sur 20
Statistiques - réponses
HINT HINT ANSWER % Correct
58 202 L Lorient
100%
54 955 V Vannes
100%
14 547 P Pontivy
80%
23 188 L Lanester
77%
14 417 A Auray
70%
15 831 H Hennebont
68%
10 021 P Ploërmel
65%
8 081 Q Questembert
62%
18 873 P Ploemeur
53%
9 068 S Sarzeau
47%
12 173 S Saint-Avé
43%
12 236 G Guidel
40%
8 368 L Larmor-Plage
38%
9 265 S Séné
33%
8 906 Q Quéven
32%
7 110 C Caudan
28%
7 085 K Kervignac
25%
7 644 P Pluvigner
20%
8 476 T Theix-Noyalo
17%
8 046 L Languidic
15%
Aucun quiz correspondant
Distribution des résultats
% des personnes avec chaque résultat
Percentile par nombre de réponses
Votre historique - résultats
Vous n’avez pas pris ce quiz